000 00694nam a22002297a 4500
003 UA-OsUOA
001 39830
007 ta
008 20060703b un ||||| |||| 00| 0 ukr d
100 _aНикифоровская Н.А.
090 _a011
_bН62
942 _cBK
040 _aUA-OsUOA
_brus
_cUA-OsUOA
_dUA-OsUOA
245 _aБиблиорафическое описание. Вопросы теории, истории и методики.
300 _a150 с.
955 _a1
041 _arus
080 _a011
260 _aЛенинград
_bНаука
_c1978
650 7 _a01 Бібліографія і бібліографії. Каталоги
_2UDC
999 _c325970
_d325970